Tiro deportivo: tiro al blanco, tiro al pichón, tiro al plato, tiro de caza
Сохранить в:
| Главный автор: | |
|---|---|
| Формат: | |
| Язык: | испанский |
| Опубликовано: |
Barcelona
Sintes
1949
|
| Предметы: | |
| Метки: |
Добавить метку
Нет меток, Требуется 1-ая метка записи!
|
MARC
| LEADER | 00000nam a2200000 a 4500 | ||
|---|---|---|---|
| 001 | UCZ0219 | ||
| 003 | CL-VaPUC | ||
| 008 | 950724e19490000SP |||||||||||||||||spa|d | ||
| 082 | 0 | 4 | |a 799.2 |b EGG |2 21 |
| 100 | 0 | |a Eggert Graveri, Gustavo |e author |9 342894 | |
| 245 | 1 | 0 | |a Tiro deportivo: tiro al blanco, tiro al pichón, tiro al plato, tiro de caza |
| 300 | |a 320 p | ||
| 942 | |c BK | ||
| 945 | |d 19950724 00:00:00 |a lriquelm | ||
| 260 | |a Barcelona |b Sintes |c 1949 | ||
| 650 | 7 | |a CAZA |2 CL-VaPUC |9 342895 | |
| 650 | 0 | |a Armas |9 318202 | |
| 583 | |a last modification |c 19950724 00:00:00 |k Rodrigo Vera | ||
| 999 | |c 237180 |d 237178 | ||
| 952 | |0 0 |1 0 |4 0 |6 799_200000000000000_EGG_1949 |7 0 |8 P |9 246015 |a BIBEDU |b BIBEDU |c BIBEDU_PB |d 2019-11-18 |i 1541099 |o 799.2 EGG 1949 |p 1541099 |r 2024-01-25 |w 2019-11-18 |y BK |k EDU | ||